Survivor A-Z Quiz Stats

 Plays Quiz Updated Oct 25, 2019

Support Sporcle.
Go Orange.
Score 0/23 Timer 06:00
22 Plays Today
Letter Survivor % Correct
RRichard Hatch, Rob Mariano
87.8%
AAmber Brkich, Aras Baskauskas, Adam Klein
85.6%
TTina Wesson, Tom Westman, Todd Herzog, Tyson Apostol, Tony Vlachos, Tommy Sheehan
84.4%
JJenna Morasca, JT Thomas, Jud Birza, John Cochran, Jeremy Collins
83.3%
BBrian Heidik, Bob Crowley, Ben Driebergen
79%
EEthan Zohn, Earl Cole
78%
SSandra Diaz-Twine, Sophie Clarke, Sarah Lacina
76.1%
PParvati Shallow
75.1%
YYul Kwon
68.5%
NNatalie White, Natalie Anderson, Nick Wilson
67.9%
DDanni Boatwright, Denise Stapley
67.4%
CChris Daugherty, Chris Underwood
65.4%
Letter Survivor % Correct
KKim Spradlin
64.1%
VVecepia Towery
64%
MMike Holloway, Michele Fitzgerald
61.3%
OOzzy Lusth
53.9%
WWendell Holland
48.1%
FFrank Garrison
42.6%
LLillian Morris
40.7%
IIan Rosenberger
40.1%
ZZoe Zanidakis
38.1%
HHannah Shapiro
33.6%
GGavin Whitson
29.3%

You're not logged in!

Compare scores with friends on all Sporcle quizzes.
OR
Log In

From the Vault

Cities by Pre-'40s Skyline

by Hejman

You know, we bet Dubai's skyline was somewhat less impressive back in the day.
Remove Ads.
Support Sporcle.
Get the best of Sporcle when you Go Orange. This ad-free experience offers more features, more stats, and more fun while also helping to support Sporcle. Thank you for becoming a member.

Show Comments

Extras

Top Quizzes Today


Score Distribution

Your Account Isn't Verified!

In order to create a playlist on Sporcle, you need to verify the email address you used during registration. Go to your Sporcle Settings to finish the process.

Report this User

Report this user for behavior that violates our Community Guidelines.

Details: